| Tag |
First Indicator |
Second Indicator |
Subfields |
| LEADER |
00000cam a22000008i 4500 |
| 001 |
in00000096312 |
| 005 |
20150925090051.0 |
| 008 |
790117s1979 nyua b 00000 eng |
| 010 |
|
|
|a 79000448
|
| 020 |
|
|
|a 0517537524
|
| 035 |
|
|
|a (OCoLC)04639096
|
| 035 |
|
|
|9 AAL2277AM
|
| 040 |
|
|
|a DLC
|c DLC
|d OCL
|d TXA
|d UtOrBLW
|
| 049 |
|
|
|a TXAS
|c [1101715]
|
| 050 |
0 |
0 |
|a PN6071.H727
|b W6 1979
|
| 082 |
0 |
|
|a 808/.83/872
|
| 245 |
0 |
0 |
|a Wolf's Complete book of terror /
|c edited by Leonard Wolf.
|
| 263 |
|
|
|a 7905
|
| 264 |
|
2 |
|a New York :
|b C. N. Potter : distributed by Crown Publishers,
|c [1979]
|
| 264 |
|
4 |
|c ©1979
|
| 300 |
|
|
|a xvi, 473 pages :
|b illustrations ;
|c 26 cm.
|
| 336 |
|
|
|a text
|b txt
|2 rdacontent
|
| 337 |
|
|
|a unmediated
|b n
|2 rdamedia
|
| 338 |
|
|
|a volume
|b nc
|2 rdacarrier
|
| 504 |
|
|
|a Bibliography: pages 465-473.
|
| 650 |
|
0 |
|a Horror
|x Literary collections.
|
| 700 |
1 |
|
|a Wolf, Leonard.
|
| 740 |
0 |
|
|a Complete book of terror.
|
| 999 |
|
|
|a MARS
|
| 999 |
f |
f |
|s c74d51ed-52be-3277-9ac5-812de2003fa7
|i 7f2d24b4-b2bb-319b-88d6-ace2729369ac
|t 0
|
| 952 |
f |
f |
|p noncirc
|a Texas A&M University
|b College Station
|c Cushing Memorial Library & Archives
|d Cushing: Science Fiction (Does not check out)
|t 0
|e PN6071.H727 W6 1979
|h Library of Congress classification
|i unmediated -- volume
|m A14800385570
|
| 998 |
f |
f |
|a PN6071.H727 W6 1979
|t 0
|l Cushing: Science Fiction (Does not check out)
|